Imanentné zákonitosti štrukturácie

Bibliographic Details
Main Author: Hrušovský, Igor, 1907-1978 (Author)
Format: Article
Language:Slovak

MARC

LEADER 00000nab a2200000uu 4500
001 vtls011443909
003 SK-MaSNL
005 20260304220049.0
008 230313|1968 xo |||||||||||||||||slo|
015 |a SNBRB 
035 |a (urnnbn)urn:nbn:sk:snk:ar-0038mh 
035 |a (uuid)171816d3-1c1a-49c3-b64d-b38488d7fe16 
035 |a urn:nbn:sk:snk-abchl8 
040 |a SNKBUCL  |b slo  |c SNKBUCL  |e AACR2 
041 0 |a slo 
044 |a xo  |c SK 
100 1 |a Hrušovský, Igor,  |d 1907-1978  |4 aut  |9 38412 
245 1 0 |a Imanentné zákonitosti štrukturácie  |c Igor Hrušovský 
773 0 |t Romboid  |g Roč. 3, č. 1 (1968), s. 8-11 
958 |a OND 
958 |a EUIPO 
958 |a article16 
999 |c 3149727  |d 3151657